Capitali del Mondo per Lettera - B - Statistics

Statistiche generali
  • Questo quiz è stato fatto 4.344 volte
    4.335 dall'ultimo reset
  • Il punteggio medio è 14 su 25
Statistiche sulle risposte
Country Capital City % Corretto
Germany Berlino
88%
Hungary Budapest
83%
Romania Bucarest
82%
Brazil Brasília
80%
Colombia Bogotà
77%
Slovakia Bratislava
76%
Belgium Bruxelles
75%
Switzerland Berna
74%
Argentina Buenos Aires
74%
Serbia Belgrado
73%
Lebanon Beirut
56%
Thailand Bangkok
55%
Iraq Baghdad
52%
Azerbaijan Baku
46%
Belize Belmopan
44%
Congo (Rep.) Brazzaville
38%
Kyrgyzstan Bishkek
37%
Mali Bamako
36%
Brunei Bandar Seri Begawan
34%
Barbados Bridgetown
34%
Central African Republic Bangui
33%
Gambia Banjul
32%
St. Kitts & Nevis Basseterre
31%
Guinea-Bissau Bissau
26%
South Africa Bloemfontein
21%
Nessun quiz corrispondente trovato
Distribuzione punteggi
Percentuale di utenti per punteggio
Percentile per numero di risposta
I tuoi punteggi nel tempo
Non hai fatto questo quiz dall'ultimo reset